|
|
|
|
| LEADER |
01552nam a2200361 a 4500 |
| 001 |
AAL7010 |
| 003 |
BD-DhAAL |
| 005 |
20160210170541.0 |
| 008 |
150210s1997 maua b 001 0 eng |
| 010 |
|
|
|a 96045192
|
| 020 |
|
|
|a 0262231913 (hard : alk. paper)
|
| 020 |
|
|
|a 0262731207 (pbk. : alk. paper)
|
| 040 |
|
|
|a DLC
|c DLC
|d DLC
|d BD-DhAAL
|
| 050 |
0 |
0 |
|a HC412
|b .E246 1997
|
| 082 |
0 |
0 |
|a 338.947
|2 21
|
| 999 |
|
|
|c 33645
|d 33645
|
| 999 |
|
|
|c 33645
|
| 245 |
0 |
0 |
|a Economies in transition :
|b comparing Asia and Eastern Europe /
|c edited by Wing Thye Woo, Stephen Parker, and Jeffrey D. Sachs.
|
| 260 |
|
|
|a Cambridge, Mass. :
|b MIT Press,
|c c1997.
|
| 300 |
|
|
|a xiv, 412 p. :
|b ill. ;
|c 24 cm.
|
| 500 |
|
|
|a "This volume ... is the culmination of a two-year research and policy engagement project undertaken by The Asia Foundation's Center for Asian Pacific Affairs (CAPA)--Pref.
|
| 504 |
|
|
|a Includes bibliographical references (p. [387]-403) and index.
|
| 541 |
|
|
|e 7010
|
| 650 |
|
0 |
|a Post-communism
|z Asia.
|9 8210
|
| 650 |
|
0 |
|a Post-communism
|z Europe, Eastern.
|9 8211
|
| 651 |
|
0 |
|a Asia
|x Economic policy.
|9 7794
|
| 651 |
|
0 |
|a Europe, Eastern
|x Economic policy
|y 1989-
|9 8212
|
| 700 |
1 |
|
|a Woo, Wing Thye.
|9 8213
|
| 700 |
1 |
|
|a Parker, Stephen.
|9 8214
|
| 700 |
1 |
|
|a Sachs, Jeffrey.
|9 7721
|
| 710 |
2 |
|
|a Asia Foundation.
|b Center for Asian Pacific Affairs.
|9 8215
|
| 942 |
|
|
|2 ddc
|c BK
|
| 952 |
|
|
|0 0
|1 0
|2 ddc
|4 0
|6 338_947000000000000_ECO
|7 0
|9 52544
|a SCL
|b SCL
|c GEN
|d 2015-02-10
|e Gift: The Asia Foundation
|l 0
|o 338.947 ECO
|p 3020007010
|r 2015-02-10
|t 1
|w 2015-02-10
|y BK
|